Сергиев Посад (Запись № 1551889)

Подробности
000 -МАРКЕР
контрольное поле 02580nam0a2200409 4500
001 - ИДЕНТИФИКАТОР ЗАПИСИ
контрольное поле RU\NLR\bibl\1464061
005 - ИДЕНТИФИКАТОР ВЕРСИИ
контрольное поле 20260406122930.0
010 ## - МЕЖДУНАРОДНЫЙ СТАНДАРТНЫЙ НОМЕР КНИГИ (ISBN)
Номер (ISBN) 978-5-903615-19-3
Тираж 4000
021 ## - НОМЕР ГОСУДАРСТВЕННОЙ РЕГИСТРАЦИИ
Код страны Российская Федерация
Номер 2009-96051
Номер Листа государственной регистраци 6100
035 ## - ДРУГИЕ СИСТЕМНЫЕ НОМЕРА
Идентификатор записи (nilc)RSL-KNO-004419569
035 ## - ДРУГИЕ СИСТЕМНЫЕ НОМЕРА
Идентификатор записи (NLR Aleph) 001455805
100 ## - ДАННЫЕ ОБЩЕЙ ОБРАБОТКИ
Данные общей обработки 20091201d2009 |||y0rusy50 ca
101 0# - ЯЗЫК РЕСУРСА
Язык текста, звукозаписи и т.д. русский
102 ## - СТРАНА ПУБЛИКАЦИИ ИЛИ ПРОИЗВОДСТВА
Страна публикации Российская Федерация
105 ## - ПОЛЕ КОДИРОВАННЫХ ДАННЫХ: ТЕКСТОВЫЕ МАТЕРИАЛЫ, МОНОГРАФИЧЕСКИЕ
Кодированные данные о монографическом текстовом документе a |||||||||
200 1# - ЗАГЛАВИЕ И СВЕДЕНИЯ ОБ ОТВЕТСТВЕННОСТИ
Основное заглавие Сергиев Посад
Сведения, относящиеся к заглавию [взгляд сквозь века
-- сборник статей]
Первые сведения об ответственности М-во культуры Моск. обл., Сергиево-Посад. гос. ист.-худож. музей-заповедник, Строит. группа "Стройсервис"
Последующие сведения об ответственности [сост.: В.И. Вишневский, С.В. Николаева, к.ист.н.
-- гл. ред. С.В. Николаева, к.ист.н.]
210 ## - ПУБЛИКАЦИЯ, РАСПРОСТРАНЕНИЕ И ДР.
Место издания, распространения и т.д. Сергиев Посад
Имя издателя, распространителя и т. д. Ремарко
Дата издания, распространения и т.д. 2009
215 ## - ФИЗИЧЕСКАЯ ХАРАКТЕРИСТИКА
Специфическое обозначение материала и объем 308 с.
Другие сведения о физической характеристике ил., портр., цв. ил., факс.
Размеры 33
300 ## - ОБЩИЕ ПРИМЕЧАНИЯ
Текст примечания На авантит.: Посвящ. 400-летию героич. обороны Троице-Сергиева монастыря 1608-1610, 90-летию образования Сергиево-Посад. гос. ист.-худож. музея-заповедника
320 ## - ПРИМЕЧАНИЯ О НАЛИЧИИ В ДОКУМЕНТЕ БИБЛИОГРАФИИ / УКАЗАТЕЛЯ
Текст примечания Библиогр.: с. 305-306
320 ## - ПРИМЕЧАНИЯ О НАЛИЧИИ В ДОКУМЕНТЕ БИБЛИОГРАФИИ / УКАЗАТЕЛЯ
Текст примечания Изд. СПГИХМЗ (1920-2009): с. 303-305
607 ## - ГЕОГРАФИЧЕСКОЕ НАИМЕНОВАНИЕ КАК ПРЕДМЕТ
Географическое наименование Сергиев Посад, город (Московская область)
Формальный подзаголовок Сборники
Тематический подзаголовок История
Системный номер авторитетной/нормативной записи 2079351
Идентификатор авторитетной/нормативной записи RU\NLR\auth\661255230
686 ## - ИНДЕКСЫ ДРУГИХ КЛАССИФИКАЦИЙ
Индекс Т3(2Р-4Мо-2Сергиев Посад)я6
Код системы
686 ## - ИНДЕКСЫ ДРУГИХ КЛАССИФИКАЦИЙ
Индекс Н0(2Р=Р)92Сергиев Посад0я6
Код системы
686 ## - ИНДЕКСЫ ДРУГИХ КЛАССИФИКАЦИЙ
Индекс Э372.24-647.2я6
Код системы
686 ## - ИНДЕКСЫ ДРУГИХ КЛАССИФИКАЦИЙ
Индекс Т3(2Р-4Мо-2Сп)я43
702 #1 - ИМЯ ЛИЦА - ВТОРИЧНАЯ ОТВЕТСТВЕННОСТЬ
Код отношения Составитель
Материалы, к которым относится поле rus
Графика поля Кириллица
Начальный элемент ввода Васильев
Часть имени, кроме начального элемента ввода С. Ю.
Дополнения к именам, кроме дат журналист, поэт
Даты 1956-
Расширение инициалов личного имени Сергей Юрьевич
Идентификатор авторитетной/нормативной записи RU\NLR\auth\7785320
Системный номер авторитетной/нормативной записи 68248
702 #1 - ИМЯ ЛИЦА - ВТОРИЧНАЯ ОТВЕТСТВЕННОСТЬ
Код отношения Редактор
Материалы, к которым относится поле rus
Графика поля Кириллица
Начальный элемент ввода Николаева
Часть имени, кроме начального элемента ввода С. В.
Дополнения к именам, кроме дат канд. ист. наук
Расширение инициалов личного имени Светлана Викторовна
Идентификатор авторитетной/нормативной записи RU\NLR\auth\7780103
Системный номер авторитетной/нормативной записи 63031
712 02 - НАИМЕНОВАНИЕ ОРГАНИЗАЦИИ - ВТОРИЧНАЯ ОТВЕТСТВЕННОСТЬ
Код отношения Прочие
Начальный элемент ввода Сергиево-Посадский государственный историко-художественный музей-заповедник
Идентификатор авторитетной/нормативной записи RU\NLR\AUTH\8815647
Системный номер авторитетной/нормативной записи 304450
801 #0 - ИСТОЧНИК ЗАПИСИ
Страна Российская Федерация
Организация РГБ
Дата составления 20091201
Правила каталогизации rcr
801 #1 - ИСТОЧНИК ЗАПИСИ
Страна Российская Федерация
Организация РГБ
Дата составления 20091201
801 #2 - ИСТОЧНИК ЗАПИСИ
Страна Российская Федерация
Организация NLR
Дата составления 20100122
Правила каталогизации rcr
942 ## - ДОПОЛНИТЕЛЬНЫЕ ЭЛЕМЕНТЫ ЗАПИСИ (АБИС)
Тип экземпляра АБИС Книга
980 ## - КОЛЛЕКЦИЯ
Название коллекции Национальная библиография
980 ## - КОЛЛЕКЦИЯ
Название коллекции НБР
Экземпляры
Тип экземпляра Дата поступления Источник поступления Библиотека постоянного хранения Библиотека текущего хранения Место хранения Шифр хранения Штрих-код Статус экземпляра
Книга 22.01.2010 Обязательный экземпляр РНБ (Московский) РНБ (Московский) Русский книжный фонд: издания с 1957 года 2010-9/8 3086016  
Книга 22.01.2010 Обязательный экземпляр РНБ (Московский) РНБ (Московский) Русский книжный фонд: издания с 1957 года 2010-9/8 3086017